000 00949cam a2200205 4500
001 X1120992
008 000000n 000 0 eng u
035 _a(Sirsi) u112092
100 _aMorrison, A.
245 _aIndustry's vote for case of the century
490 _aProject Scotland
_vJuly 2000, p8(1)
520 _aOutlines the implications for the construction industry of Bank of Scotland v Dunedin Property Investment Co. The case, although not directly related to the industry, was voted second in a poll to determine the most significant construction case of the last century. The case concerned a financial agreement between parties in relation to the purchase of debenture loan stock.
650 _aBANK OF SCOTLAND V DUNEDIN PROPERTY INVESTMENT CO LTD
650 _aCONTRACT LAW
650 _aINTENTION OF PARTIES
650 _aINTERPRETATION
650 _aSCOTLAND
690 _aBUILDING AND CONSTRUCTION-CASE LAW
942 _n0
999 _c66752
_d66752